00489nam a22001577a 4500020001800000040000900018082001800027100003500045245002100080260004300101300002300144650002700167942001200194999001900206952010600225 a9789693510911 cNUST a891.4397bBUT aButt, Dr Muhammad Yunus980918 aShanakhat Parade aLAHOREbSang-E-Meel Publicationsc2011 b131P, :With Photo 2Urdu Literature-Staire 2ddccBK c585798d585798 00102ddc4070aCEMEbCEMEcGENd2021-07-07l0o891.4397 BUTpCEME-50120r2021-07-07w2021-07-07yBK